MHSC - LOSC 2012 - Statistiques

Statistiques générales
  • Ce quiz a été pris 230 fois
  • Le résultat moyen est 13 sur 28
Statistiques - réponses
Fontion Réponse % Correct
Attaquant - MHSC Olivier Giroud
91%
Gardien - MHSC Geoffrey Jourdren
81%
Milieu - MHSC Rémy Cabella
80%
Entraîneur - MHSC René Girard
79%
Milieu - LOSC Eden Hazard
76%
Défenseur - MHSC Vitorino Hilton
74%
Gardien - LOSC Mickaël Landreau
58%
Milieu - LOSC Rio Mavuba
58%
Milieu - LOSC Florent Balmont
55%
Entraîneur - LOSC Rudi Garcia
55%
Remplaçant - MHSC Karim Aït-Fana
52%
Défenseur - MHSC Mapou Yanga-Mbiwa
52%
Attaquant - MHSC Souleymane Camara
50%
Milieu - MHSC Benjamin Stambouli
49%
Défenseur - MHSC Garry Bocaly
47%
Défenseur - MHSC Henri Bedimo
46%
Attaquant - MHSC John Utaka
41%
Défenseur - LOSC Aurélien Chedjou
40%
Défenseur - LOSC Mathieu Debuchy
40%
Attaquant - LOSC Tulio de Melo
36%
Défenseur - LOSC Marko Baša
34%
Milieu - MHSC Jamel Saïhi
30%
Défenseur - LOSC Lucas Digne
27%
Milieu - LOSC Dimitri Payet
26%
Milieu - LOSC Benoît Pedretti
20%
Remplaçant n°1 - LOSC Nolan Roux
20%
Remplaçant n°2 - LOSC Joe Cole
18%
Remplaçant n°3 - LOSC Gianni Bruno
7%
Aucun quiz correspondant
Distribution des résultats
% des personnes avec chaque résultat
Percentile par nombre de réponses
Votre historique - résultats
Vous n’avez pas pris ce quiz